Vista normal Vista MARC
  • Wishoff, Conrado

Entrada Personal Name

Número de registros utilizados en: 2

001 - CONTROL NUMBER

  • control field: 26371

003 - CONTROL NUMBER IDENTIFIER

  • control field: ES-SlBCS

005 - DATE AND TIME OF LATEST TRANSACTION

  • control field: 20251016080009.0

008 - FIXED-LENGTH DATA ELEMENTS

  • fixed length control field: 251016|| aca||aabn | a|a d

040 ## - CATALOGING SOURCE

  • Original cataloging agency: ES-SlBCS
  • Transcribing agency: ES-SlBCS

100 ## - HEADING--PERSONAL NAME

  • Personal name: Wishoff, Conrado

670 ## - SOURCE DATA FOUND

  • Source citation: Work cat.: (ES-SlBCS): Lucano, Marco Anneo 10660 (39-65), M. Annaei Lucani Pharsalia., , 1740

Bibliotecas Dominicos Provincia Hispania, 2016

Con tecnología Koha